Normal view
MARC view
Entry Topical Term
001 - CONTROL NUMBER
- control field: 52813
003 - CONTROL NUMBER IDENTIFIER
- control field: ARRUPE
005 - DATE AND TIME OF LATEST TRANSACTION
- control field: 20240529124117.0
008 - FIXED-LENGTH DATA ELEMENTS
- fixed length control field: 240529|| aca||aabn | a|a d
040 ## - CATALOGING SOURCE
- Original cataloging agency: ARRUPE
- Transcribing agency: ARRUPE
150 ## - HEADING--TOPICAL TERM
- Topical term or geographic name as entry element: Developing countries;
- Form subdivision: politics and government,
- General subdivision: case studies
670 ## - SOURCE DATA FOUND
- Source citation: Work cat.: (ARRUPE)131927: Bates Robert H. 52812, Political and economic interactions in economic policy reform;, 1993.